Sustainable Water Resource Management in a Changing World: Economic, Environmental, and Policy Dimensions
Preskúmanie ekonomických, environmentálnych a politických rozmerov udržateľného hospodárenia s vodnými zdrojmi v kontexte zrýchľujúcej sa zmeny klímy. Pomocou kvalitatívneho výskumného prístupu a analýzy medzinárodných rámcov, ako je Agenda OSN 2030, Parížska dohoda a princípy OECD, štúdia identifik...
Enregistré dans:
| Auteur principal: | |
|---|---|
| Format: | Chapitre de livre |
| Langue: | anglais |
| Sujets: | |
| Tags: |
Pas de tags, Soyez le premier à ajouter un tag!
|
MARC
| LEADER | 00000naa$a2200000$$$4500 | ||
|---|---|---|---|
| 001 | 0314188 | ||
| 005 | 20260120105250.6 | ||
| 041 | 0 | |a eng | |
| 044 | |a SK | ||
| 245 | 1 | 0 | |a Sustainable Water Resource Management in a Changing World: Economic, Environmental, and Policy Dimensions |c Kristína Labudová |
| 520 | |a Preskúmanie ekonomických, environmentálnych a politických rozmerov udržateľného hospodárenia s vodnými zdrojmi v kontexte zrýchľujúcej sa zmeny klímy. Pomocou kvalitatívneho výskumného prístupu a analýzy medzinárodných rámcov, ako je Agenda OSN 2030, Parížska dohoda a princípy OECD, štúdia identifikuje kľúčové výzvy ovplyvňujúce bezpečnosť a riadenie vodných zdrojov na celom svete. Výsledky ukazujú, že nedostatok vody, znečistenie a problémy cezhraničného hospodárenia úzko súvisia so sociálno-ekonomickými nerovnosťami a nedostatočnou inštitucionálnou kapacitou. V práci sa dospelo k záveru, že účinná implementácia integrovaného hospodárenia s vodnými zdrojmi (IWRM), silnejšia medzinárodná spolupráca a inkluzívne politické rámce sú kľúčové pre zabezpečenie globálnej udržateľnosti vodných zdrojov. | ||
| 610 | 2 | 0 | |a zdroje vodné |
| 610 | 2 | 0 | |a rozvoj trvalo udržateľný |
| 610 | 2 | 0 | |a riadenie |
| 610 | 2 | 0 | |a zmeny klimatické |
| 610 | 2 | 0 | |a spolupráca medzinárodná |
| 100 | 1 | |a Labudová, Kristína, 2000- | |